000 00250nam a2200097Ia 4500
001 807728
005 20250826171236.0
008 250824s9999 xx 000 0 und d
245 0 _aVALLA KURDA YEDİRDİN BENİ
_cALEV ALATLI
260 _bEVEREST YAYINLARI
999 _c807728
_d807728